[Event "4th 4NCL Easter Congress"]
[Site "Holiday Inn Peterborough - West"]
[Date "2024.03.29"]
[Round "1"]
[Board "1"]
[White "Patel, Zain"]
[Black "Hebden, Mark L"]
[Result "0-1"]
[WhiteElo "1929"]
[BlackElo "2386"]
[PlyCount "0"]
[EventDate "2024.03.29"]
[EventRounds "7"]
[EventCountry "ENG"]

1. d4 Nf6 2. Nf3 g6 3. c4 Bg7 4. Nc3 O-O 5. e4 d6 6. Be2 Nbd7 7. O-O e5 8. Re1 Re8
9. Bf1 h6 10. Rb1 a5 11. b3 c6 12. d5 Nc5 13. Ba3 Bd7 14. dxc6 Bxc6 15. Qc2 Qb6 16.
Nd5 Bxd5 17. cxd5 Rec8 18. Rbc1 Ncxe4 19. Bc4 Nc5 20. Nd2 Qd8 21. Qd1 h5 22. Rc2
Qd7 23. Qe2 Qg4 24. Qxg4 hxg4 25. Bb5 Nxd5 26. Rec1 Rd8 27. Bxc5 dxc5 28. Rxc5 Bh6
29. Rd1 Nf6 30. Rc2 Ne4 31. Nxe4 Rxd1+ 32. Bf1 Rad8 33. Nf6+ Kg7 34. Nxg4 Re1 35.
h3 Rdd1 36. Nh2 e4 37. g3 Rc1 38. Rb2 f5 39. Kg2 f4 40. h4 f3+ 41. Kh3 Rxf1 42. Nxf1
Rxf1 43. Rc2 Rc1 44. Rb2 Kf6 45. b4 Kf5 46. Kh2 a4 47. b5 e3  0-1

[Event "4th 4NCL Easter Congress"]
[Site "Holiday Inn Peterborough - West"]
[Date "2024.03.29"]
[Round "1"]
[Board "2"]
[White "Fava, Lorenzo"]
[Black "Srivastava, Arnav"]
[Result "1/2-1/2"]
[WhiteElo "2281"]
[BlackElo "1915"]
[PlyCount "0"]
[EventDate "2024.03.29"]
[EventRounds "7"]
[EventCountry "ENG"]

1. Nf3 Nf6 2. d4 d5 3. e3 c5 4. b3 Nc6 5. Bb2 e6 6. Nbd2 cxd4 7. exd4 Bd6 8. Bd3
O-O 9. O-O Qc7 10. a3 e5 11. dxe5 Nxe5 12. Nxe5 Bxe5 13. Bxe5 Qxe5 14. Re1 Qc3 15.
Re3 Qc7 16. Nf3 Bd7 17. Qd2 Rfe8 18. Rae1 Rxe3 19. Qxe3 a6 20. Qd4 Re8 21. Rc1 Bg4
22. Nd2 Be2 23. Nf1 Bxd3 24. Qxd3 Qe5 25. Rd1 Qe2 26. Ne3 Qxd3 27. Rxd3 Kf8 28. f3
Rc8 29. Kf2 g6 30. Ke2 Ke7 31. Kd2 Ke6 32. Rd4 h5 33. Rb4 b5 34. a4 Rc5 35. c3 Ne8
36. Rd4 Nc7 37. g4 hxg4 38. fxg4 Ke5 39. axb5 axb5 40. h4 f5 41. Nc2 Rc6 42. Nb4
Rd6 43. Nd3+ Kf6 44. g5+ Ke7 45. Nf4 Kd7 46. Ke3 Kc6 47. Rd2 Kc5 48. Nd3+ Kb6 49.
Nf4 Kc5 50. Ra2 b4 51. Nd3+ Kb5 52. cxb4 Re6+ 53. Kf3 Re4 54. Ra5+ Kb6 55. Nf4 Rxb4
56. Ra3 Re4 57. Nxg6 Ne6 58. Ra4 d4 59. Ne7 Rxh4 60. g6 Ng7 61. Rc4 Rh3+ 62. Kf4
d3 63. Rc6+ Kb7 64. Rd6 Kc7 65. Rd5 Rh4+ 66. Kg5 Re4 67. Nxf5 Ne6+ 68. Kf6 Nf4 69.
Rxd3 Nxd3 70. g7 Rg4  1/2-1/2

[Event "4th 4NCL Easter Congress"]
[Site "Holiday Inn Peterborough - West"]
[Date "2024.03.29"]
[Round "1"]
[Board "3"]
[White "Hutchinson, Paul A"]
[Black "Boswell, Jacob Connor"]
[Result "0-1"]
[WhiteElo "2006"]
[BlackElo "2254"]
[PlyCount "0"]
[EventDate "2024.03.29"]
[EventRounds "7"]
[EventCountry "ENG"]

1. d4 d5 2. Bf4 c5 3. e3 Nc6 4. Nf3 Nf6 5. Nbd2 Qb6 6. dxc5 Qxb2 7. Rb1 Qc3 8. Bb5
g6 9. O-O Bg7 10. Be5 Qxc5 11. Bd4 Qd6 12. c4 O-O 13. Bxc6 bxc6 14. c5 Qc7 15. Be5
Qa5 16. Nb3 Qa6 17. Qd4 Bf5 18. Rb2 Ne8 19. g4 f6 20. Bd6 Bd3 21. Bxe7 Bxf1 22. Bxf8
Kxf8 23. Qf4 Bc4 24. Nbd4 Kg8 25. Ne6 Qc8 26. Nfd4 Qd7 27. h4 Ba6 28. h5 Bc8 29.
hxg6 hxg6 30. f3 Qe7 31. Nxg7 Kxg7 32. Rh2 g5 33. Nf5+ Bxf5 34. Qxf5 Kg8 35. Qd3
Rb8 36. Re2 Qh7 37. e4 Rd8 38. Kg2 Rd7 39. Qb3 Qf7 40. exd5 Rxd5 41. Qb8 Kf8 42.
Qc8 Qd7 43. Qa6 Rd2 44. Kh3 Rxe2 45. Qxe2 Nc7 46. Kg2 Ne6 47. Qb2 Kg7 48. Qc3 Qd5
49. Qb2 Nxc5 50. Qb8 Qd7  0-1

[Event "4th 4NCL Easter Congress"]
[Site "Holiday Inn Peterborough - West"]
[Date "2024.03.29"]
[Round "1"]
[Board "4"]
[White "Khoury, Theo"]
[Black "Mesesan, Mircea-Marius"]
[Result "1/2-1/2"]
[WhiteElo "2113"]
[BlackElo "1963"]
[PlyCount "0"]
[EventDate "2024.03.29"]
[EventRounds "7"]
[EventCountry "ENG"]

1. e4 e5 2. Nf3 Nf6 3. Nxe5 d6 4. Nf3 Nxe4 5. d4 d5 6. Bd3 Bd6 7. O-O O-O 8. c4 c6
9. Nc3 Nxc3 10. bxc3 Bg4 11. h3 Bh5 12. Rb1 dxc4 13. Bxc4 Qc7 14. Bd3 Bg6 15. Bxg6
hxg6 16. Qd3 Nd7 17. Re1 Rfe8 18. Bg5 b5 19. Re4 Rxe4 20. Qxe4 Nf6 21. Qh4 Nh7 22.
Re1 f6 23. Bd2 Qd7 24. Qe4 Kf7 25. d5 c5 26. c4 a6 27. Bf4 Nf8 28. h4 bxc4 29. Bxd6
Qxd6 30. Qxc4 Rb8 31. Rc1 Nd7 32. Qd3 Rb5 33. Re1 Rb8 34. h5 gxh5 35. Qf5 Nf8 36.
Qxh5+ g6 37. Qh2 Qxh2+ 38. Kxh2 Rd8 39. Rd1 Ke7 40. Ne1 Ne6 41. Nc2 Nc7 42. Ne3 Kd6
43. Nc4+ Kd7 44. Kg3 Rb8 45. Ne3 Rb4 46. Ng4 Ne8 47. Rc1 Kd6 48. Re1 f5 49. Ne5 Nf6
50. Nd3 Rg4+ 51. Kf3 Nxd5 52. Re8 Rd4 53. Nc1 Kd7 54. Ra8 Nc7 55. Rg8 Rd6 56. Ke2
c4 57. Rb8 Kc6 58. Ke1 Ne6 59. Ne2 g5 60. a4 Kc5 61. a5 Nd4 62. Nc3 Re6+ 63. Kd1
Nb3 64. Na4+ Kd4 65. Rd8+ Ke5 66. Kc2 Nxa5 67. Kc3 Rc6 68. Rd4 Rd6 69. Rxd6 Kxd6
70. Kb4 Nc6+ 71. Kxc4 Ne5+ 72. Kd4 Ng4 73. f3 Ne5 74. Nc5 Nc6+ 75. Kc4 a5 76. Kb5
Kd5 77. Nd7 Kd6 78. Nf6 Ke6 79. Nh7 g4 80. Nf8+ Ke7 81. Ng6+ Kf6 82. Nf4 Nd4+ 83.
Kxa5 Nxf3 84. Kb4 Kg5 85. Ne2 Nh4 86. g3 Ng6 87. Kc3 f4 88. gxf4+ Nxf4 89. Ng3 Kh4
90. Nf1 Kh3 91. Kd2 Nd5 92. Ke2 Kg2 93. Nd2 Kh1 94. Kf2 Kh2 95. Nf3 gxf3 96. Kxf3
 1/2-1/2

[Event "4th 4NCL Easter Congress"]
[Site "Holiday Inn Peterborough - West"]
[Date "2024.03.29"]
[Round "1"]
[Board "5"]
[White "Alldritt, Nigel RE"]
[Black "Nawalaniec, Adam"]
[Result "1/2-1/2"]
[WhiteElo "1977"]
[BlackElo "2015"]
[PlyCount "0"]
[EventDate "2024.03.29"]
[EventRounds "7"]
[EventCountry "ENG"]

1. d4 Nf6 2. c4 e6 3. g3 d5 4. Nf3 dxc4 5. Bg2 c6 6. O-O b5 7. Ne5 Bb7 8. a4 a6 9.
axb5 axb5 10. Rxa8 Bxa8 11. Nc3 Qb6 12. b3 Qa5 13. Bd2 Bb4 14. Qa1 O-O 15. bxc4 Nbd7
16. Qxa5 Bxa5 17. Ra1 Bxc3 18. Bxc3 bxc4 19. Nxc4 Nd5 20. Bd2 Rb8 21. e4 N5f6 22.
Bf4 Rc8 23. Ra7 Rd8 24. Bc7 Rc8 25. Bd6 c5 26. e5 Bxg2 27. Kxg2 cxd4 28. exf6 gxf6
29. Rxd7 Rxc4 30. Rc7 Ra4 31. Rc2 Kg7 32. f4 Kg6 33. Kf3 Ra6 34. Bc7 f5 35. Rd2 Ra3+
36. Kf2 Kh5 37. h3 Kg6 38. Be5 d3 39. Bd6 Rb3 40. Ke3 f6 41. Rxd3 Rb5 42. Rc3 Rd5
43. Ba3 Ra5 44. Bb2 Rb5 45. Bc1 h6 46. Kf3 Rb6 47. Be3 Ra6 48. Rb3 Ra8 49. Rb7 h5
50. h4 Rd8 51. Rc7 Ra8 52. Bc5 Ra6 53. Bf8 Ra8 54. Rg7+ Kh6 55. Rf7+  1/2-1/2

[Event "4th 4NCL Easter Congress"]
[Site "Holiday Inn Peterborough - West"]
[Date "2024.03.29"]
[Round "1"]
[Board "6"]
[White "Clarke, Connor"]
[Black "Zhang, Junyi"]
[Result "1-0"]
[WhiteElo "1978"]
[BlackElo "1924"]
[PlyCount "0"]
[EventDate "2024.03.29"]
[EventRounds "7"]
[EventCountry "ENG"]

1. d4 Nf6 2. Nc3 d5 3. Bf4 c6 4. e3 e6 5. Nf3 Bd6 6. Ne5 O-O 7. Bd3 Qc7 8. Qf3 b6
9. Qh3 Ba6 10. Ng4 Bxd3 11. Nxf6+ gxf6 12. Qg3+ Bg6 13. Bxd6 Qd8 14. Bxf8 Qxf8 15.
h4 Qb4 16. O-O-O h5 17. Qc7 Na6 18. Qb7 Nc7 19. Qxc7 Qc4 20. Qb7 Rf8 21. Qxa7 b5
22. Qc5 b4 23. Qxc4 dxc4 24. Na4 b3 25. axb3 cxb3 26. cxb3 Rb8 27. Nc5 Ra8 28. Kd2
Ra2 29. Kc3 e5 30. Ra1 exd4+ 31. exd4 Rxa1 32. Rxa1 Kf8 33. Ra6 Ke7 34. Rxc6 f5 35.
f4 f6 36. d5 Be8 37. d6+ Kf7 38. d7 Bxd7 39. Nxd7 Ke7 40. Nc5 Kf7 41. b4 Ke7 42.
b5 Ke8 43. b6 Kf7 44. b7 Kg6 45. b8=Q Kf7 46. Rc7+ Kg6 47. Qg8+ Kh6 48. Rh7#  1-0

[Event "4th 4NCL Easter Congress"]
[Site "Holiday Inn Peterborough - West"]
[Date "2024.03.29"]
[Round "1"]
[Board "7"]
[White "Ward, Cian"]
[Black "Samarakoon, Vivash"]
[Result "1/2-1/2"]
[WhiteElo "1815"]
[BlackElo "1978"]
[PlyCount "0"]
[EventDate "2024.03.29"]
[EventRounds "7"]
[EventCountry "ENG"]

1. e4 d6 2. d4 Nf6 3. Nc3 g6 4. Bc4 Bg7 5. Nge2 O-O 6. O-O Kh8 7. Bd2 Nc6 8. Qc1
Nxe4 9. Nxe4 d5 10. Bb5 dxe4 11. Bxc6 bxc6 12. Bh6 Bxh6 13. Qxh6 Ba6 14. Rfe1 Bxe2
15. Rxe2 Qxd4 16. c3 Qe5 17. Qe3 f5 18. f3 c5 19. fxe4 f4 20. Qf2 Rad8 21. Rae1 Rd3
22. Rd2 Rxd2 23. Qxd2 f3 24. Qf2 Qg5 25. Re3 Kg7 26. Rxf3 Rxf3 27. Qxf3 Qc1+ 28.
Qf1 Qe3+ 29. Kh1 Qxe4 30. h3 Qe3 31. Qd1 Qe6 32. a3 a6 33. b4 cxb4 34. axb4 Qd6 35.
Qe2 e5 36. Kg1 c5 37. Kf2 cxb4 38. cxb4 Qd4+ 39. Kf1 e4 40. Qxa6 Qd1+ 41. Kf2 Qd2+
42. Kf1 Qd1+ 43. Kf2 Qd2+ 44. Kf1 Qf4+ 45. Ke2 Qc7  1/2-1/2

[Event "4th 4NCL Easter Congress"]
[Site "Holiday Inn Peterborough - West"]
[Date "2024.03.29"]
[Round "1"]
[Board "8"]
[White "Guthrie, David W"]
[Black "Amato, Giampiero"]
[Result "0-1"]
[WhiteElo "2129"]
[BlackElo "1954"]
[PlyCount "0"]
[EventDate "2024.03.29"]
[EventRounds "7"]
[EventCountry "ENG"]

1. d4 Nf6 2. c4 g6 3. Nc3 Bg7 4. e4 d6 5. Nf3 O-O 6. Be2 Na6 7. O-O e5 8. Be3 c6
9. d5 Ng4 10. Bg5 f6 11. Bd2 c5 12. Ne1 Nh6 13. Qc1 Nf7 14. g4 Bd7 15. a3 Qe7 16.
Rb1 Rfb8 17. Be3 Qf8 18. h4 Qe7 19. f3 f5 20. Ng2 Kh8 21. b4 b6 22. exf5 gxf5 23.
Qc2 e4 24. gxf5 Bxf5 25. Nxe4 Rg8 26. Bd3 Ne5 27. Bg5 Qc7 28. b5 Nb8 29. Kh2 h6 30.
Bf4 Nbd7 31. Ne3 Bh7 32. Ng4 Raf8 33. Bg3 h5 34. Nxe5 Nxe5 35. Bxe5 Bxe5+ 36. f4
Bxf4+ 37. Kh1 Bxe4+ 38. Bxe4 Qe7  0-1

[Event "4th 4NCL Easter Congress"]
[Site "Holiday Inn Peterborough - West"]
[Date "2024.03.29"]
[Round "1"]
[Board "9"]
[White "Boggarapu, Kritan"]
[Black "Okhai, Shabir"]
[Result "0-1"]
[WhiteElo "1933"]
[BlackElo "2075"]
[PlyCount "0"]
[EventDate "2024.03.29"]
[EventRounds "7"]
[EventCountry "ENG"]

1. e4 e5 2. Nf3 Nc6 3. Bc4 Bc5 4. d3 Nf6 5. c3 d6 6. a4 a5 7. O-O Ba7 8. Re1 h6 9.
Bb3 O-O 10. h3 Ne7 11. Nbd2 Ng6 12. Nf1 Nh5 13. d4 Qf6 14. Nxe5 dxe5 15. Qxh5 exd4
16. cxd4 Bxd4 17. Re2 Be6 18. Bxe6 fxe6 19. Be3 Nf4 20. Bxf4 Qxf4 21. g3 Qf6 22.
e5 Qf3 23. Qxf3 Rxf3 24. Rd1 c5 25. Kg2 Raf8 26. Rdd2 Rb3 27. Re4 Bxb2 28. Rd7 Rbf3
29. Rd2 Bd4 30. Ne3 Kh7 31. Rc2 b6 32. Rd2 R8f7 33. Ra2 Kg8 34. Ng4 Kf8 35. Ne3 Ke8
36. Rd2 Kd7 37. Ng4 Kc6 38. Rc2 Kd5 39. Ree2 Ra3 40. Ra2 Rxa2 41. Rxa2 h5 42. Nh2
Bxe5 43. f4 Bd4 44. Nf3 e5 45. fxe5 Bxe5 46. Rc2 Bd4 47. Rd2 Re7 48. Rc2 Re3 49.
Nd2 Re2+ 50. Kh1 c4 51. Rxc4 Rxd2 52. Rc8 Ke4 53. h4 Kf3 54. Re8 Re2 55. Rf8+ Bf6
56. Rc8 Kxg3 57. Rc1 Rh2+ 58. Kg1 Bd4+ 59. Kf1 Rh1+ 60. Ke2 Rxc1 61. Kd3 Kxh4 62.
Kxd4 g5 63. Kd3 g4 64. Kd2 Rc5 65. Kd1 g3 66. Ke2 Rf5 67. Ke1 Rf2 68. Kd1 g2 69.
Ke1 g1=Q#  0-1

[Event "4th 4NCL Easter Congress"]
[Site "Holiday Inn Peterborough - West"]
[Date "2024.03.29"]
[Round "1"]
[Board "10"]
[White "Raju, Sooraj Menothuparambil"]
[Black "Ali, Golam S"]
[Result "1-0"]
[WhiteElo "1969"]
[BlackElo "1894"]
[PlyCount "0"]
[EventDate "2024.03.29"]
[EventRounds "7"]
[EventCountry "ENG"]

1. e4 Nc6 2. Nc3 Nf6 3. d4 e5 4. dxe5 Nxe5 5. f4 Ng6 6. e5 Ng8 7. Nf3 Bb4 8. Bc4
Nh6 9. O-O Bxc3 10. bxc3 O-O 11. Ng5 Qe7 12. Qd5 Nf5 13. Qe4 h6 14. g4 d5 15. Bxd5
hxg5 16. gxf5 Bxf5 17. Qxf5 Qc5+ 18. Rf2 Qxd5 19. Qxg5 Rad8 20. Be3 Qe4 21. Re1 f6
22. exf6 Rxf6 23. Rg2 Rd5 24. Qg3 Qf5 25. Bd4 Re6 26. Re5 Rdxe5 27. Bxe5 Qh5 28.
h3 c5 29. Kh2 Kh7 30. Qd3 Rxe5 31. fxe5 Qxe5+ 32. Qg3 Nf4 33. Rf2 g5 34. h4 Ng6 35.
hxg5 Qe4 36. Qc7+ Kh8 37. Qc8+ Kg7 38. Qd7+ Kh8 39. Qf5 Qh4+ 40. Qh3 Kg7 41. Qxh4
Nxh4 42. Kg3 Ng6 43. Rf5 b6 44. Rd5 Kf7 45. Rd7+ Ke6 46. Rxa7 Kd5 47. Kg4 Ne5+ 48.
Kf5 Nc6 49. Rd7+ Kc4 50. g6  1-0

[Event "4th 4NCL Easter Congress"]
[Site "Holiday Inn Peterborough - West"]
[Date "2024.03.29"]
[Round "1"]
[Board "11"]
[White "Han, Qixiang"]
[Black "Chan, Sheng Liang Bernard"]
[Result "0-1"]
[WhiteElo "1874"]
[BlackElo "2082"]
[PlyCount "0"]
[EventDate "2024.03.29"]
[EventRounds "7"]
[EventCountry "ENG"]

1. d4 Nf6 2. c4 e6 3. g3 c5 4. d5 exd5 5. cxd5 d6 6. Nc3 g6 7. Bg2 Bg7 8. Nf3 O-O
9. O-O Re8 10. Bf4 Bf5 11. Nh4 Bc8 12. Nf3 a6 13. a4 h6 14. h4 Ne4 15. Nxe4 Rxe4
16. Nd2 Rb4 17. Ra2 Qe7 18. b3 Nd7 19. Nc4 Ne5 20. Nxe5 Bxe5 21. Bxe5 Qxe5 22. Rd2
Bg4 23. Re1 Re8 24. Kf1 Qc3 25. Rd3 Qb2 26. f3 Bd7 27. e4 c4 28. bxc4 Bxa4 29. Qc1
Qxc1 30. Rxc1 Rc8 31. Rdc3 Rbxc4 32. Rxc4 Rxc4 33. Rxc4 Bb5 34. Ke1 Bxc4 35. f4 f6
36. e5 fxe5 37. fxe5 dxe5 38. d6 Kf8 39. Bxb7 Ke8 40. Bc6+ Kd8 41. Kd2 Bb5 42. Be4
g5 43. hxg5 hxg5 44. Bf5 a5 45. Ke3 Bc6 46. Be6 a4 47. Kd3 Bd7 48. Bc4 Bf5+ 49. Ke3
a3 50. g4 Bb1 51. Be6 Bg6 52. Kf3 Bd3 53. Ke3 Bc2 54. Kd2 Ba4 55. Ke3 Bd7 56. Ba2
Bxg4 57. Ke4 Bh3 58. Kxe5 g4 59. Kf4 Kd7 60. Kg3 Kxd6 61. Kf4 Kc5 62. Kg3 Kd4 63.
Kf2 Kc3 64. Kg3 Kb2 65. Bc4 a2 66. Bxa2 Kxa2 67. Kf4 Kb3 68. Ke4 Kc2 69. Ke3 Kd1
70. Kd3 Ke1 71. Ke3 Kf1 72. Kf4 Kf2 73. Kg5 g3 74. Kh4 g2 75. Kxh3 g1=Q 76. Kh4 Qg6
77. Kh3 Qg3+  0-1

[Event "4th 4NCL Easter Congress"]
[Site "Holiday Inn Peterborough - West"]
[Date "2024.03.29"]
[Round "1"]
[Board "12"]
[White "Willmoth, Robert F"]
[Black "Mize, Dylan"]
[Result "1-0"]
[WhiteElo "2104"]
[BlackElo "1870"]
[PlyCount "0"]
[EventDate "2024.03.29"]
[EventRounds "7"]
[EventCountry "ENG"]

1. Nf3 d5 2. e3 Nf6 3. c4 e6 4. Nc3 Be7 5. b3 Nbd7 6. Bb2 O-O 7. Be2 b6 8. cxd5 Nxd5
9. Nxd5 exd5 10. O-O Nf6 11. Rc1 c5 12. d4 Re8 13. dxc5 bxc5 14. Bxf6 gxf6 15. Qc2
Be6 16. Bd3 h5 17. Nh4 Kg7 18. Bf5 Bf8 19. Bxe6 Rxe6 20. Nf5+ Kg8 21. Qe2 Qa5 22.
f4 d4 23. Qxh5 Qd2 24. Rcd1 Qc2 25. Rf2  1-0

[Event "4th 4NCL Easter Congress"]
[Site "Holiday Inn Peterborough - West"]
[Date "2024.03.29"]
[Round "1"]
[Board "13"]
[White "Miller, George I"]
[Black "Dilley, Jason M"]
[Result "0-1"]
[WhiteElo "1893"]
[BlackElo "2032"]
[PlyCount "0"]
[EventDate "2024.03.29"]
[EventRounds "7"]
[EventCountry "ENG"]

1. c4 e5 2. Nc3 Nf6 3. Nf3 Nc6 4. e4 Bb4 5. d3 h6 6. a3 Bxc3+ 7. bxc3 d6 8. Be2 O-O
9. O-O b6 10. Ne1 Ne7 11. f4 exf4 12. Bxf4 Ng6 13. Bg3 Be6 14. Nc2 Qd7 15. Ne3 Rae8
16. Nf5 Kh7 17. Qd2 Bxf5 18. Rxf5 Rxe4 19. Rxf6 Rxe2 20. Rxd6 Qe7  0-1

[Event "4th 4NCL Easter Congress"]
[Site "Holiday Inn Peterborough - West"]
[Date "2024.03.29"]
[Round "1"]
[Board "14"]
[White "Prior, Stephen CV"]
[Black "Gibson, Christopher A"]
[Result "1-0"]
[WhiteElo "2012"]
[BlackElo "1852"]
[PlyCount "0"]
[EventDate "2024.03.29"]
[EventRounds "7"]
[EventCountry "ENG"]

1. e4 c5 2. Nf3 Nc6 3. d4 cxd4 4. Nxd4 g6 5. c4 Bg7 6. Nc2 d6 7. Nc3 Nf6 8. Be2 O-O
9. O-O a5 10. Bd2 Nd7 11. Rb1 Nc5 12. f3 f5 13. Be3 fxe4 14. fxe4 Rxf1+ 15. Bxf1
b6 16. Bxc5 dxc5 17. Qxd8+ Nxd8 18. Nd5 Nc6 19. Nxb6 Rb8 20. Na4 Nd4 21. Ne3 Ne6
22. Nd5 Bd7 23. Nab6 Rb7 24. Nxe7+ Kf7 25. Ned5 Bc6 26. b3 Bd4+ 27. Kh1 a4 28. Be2
axb3 29. axb3 Bxd5 30. Nxd5 Ra7 31. h4 h5 32. Rf1+ Kg7 33. b4 Ra2 34. Bd3 cxb4 35.
Nxb4 Rd2 36. Rf3 Bf2 37. Bf1 Bxh4 38. Rd3 Rf2 39. Kg1 Rb2 40. Rd7+ Kh6 41. Nd3 Rb1
42. c5 Ng5 43. c6 Nxe4 44. c7 Ng3 45. Rf7 g5 46. c8=Q Ne2+ 47. Kh2 Bg3+ 48. Kh1  1-0

[Event "4th 4NCL Easter Congress"]
[Site "Holiday Inn Peterborough - West"]
[Date "2024.03.29"]
[Round "1"]
[Board "15"]
[White "Kilambi, Venkata Ananth Akshay"]
[Black "Wilks, Simon"]
[Result "0-1"]
[WhiteElo "1801"]
[BlackElo "2061"]
[PlyCount "0"]
[EventDate "2024.03.29"]
[EventRounds "7"]
[EventCountry "ENG"]

1. c4 Nf6 2. Nc3 e6 3. Nf3 Bb4 4. Qc2 O-O 5. a3 Bxc3 6. dxc3 d6 7. Bg5 Nbd7 8. e4
e5 9. h3 Nc5 10. Nd2 a5 11. a4 Bd7 12. Be2 Qe7 13. O-O h6 14. Be3 Bc6 15. Bf3 Nh7
16. g3 Qd7 17. Bxc5 dxc5 18. Bg4 Qe7 19. b3 Rad8 20. Rfd1 g6 21. h4 h5 22. Bh3 g5
23. hxg5 Nxg5 24. Bg2 Qf6 25. Rf1 Qg6 26. f4 exf4 27. gxf4 Ne6 28. Rae1 Qh6 29. Nb1
Kh8 30. f5 Ng5 31. Kh2 Rfe8 32. e5 Bxg2 33. Qxg2 Rd3 34. Qe2 Rh3+ 35. Kg2 h4 36.
e6 Rg3+ 37. Kh2 Rh3+ 38. Kg2 Rg8 39. exf7 Qc6+ 40. Rf3 Rg3+ 41. Kh1 Nxf3 42. fxg8=Q+
Rxg8 43. Nd2 Nxd2+ 44. Kh2 Nf3+ 45. Kh3 Rg3#  0-1

[Event "4th 4NCL Easter Congress"]
[Site "Holiday Inn Peterborough - West"]
[Date "2024.03.29"]
[Round "1"]
[Board "17"]
[White "Wang, Luoke"]
[Black "Larchikov, Maksym"]
[Result "1/2-1/2"]
[WhiteElo "1801"]
[BlackElo "1951"]
[PlyCount "0"]
[EventDate "2024.03.29"]
[EventRounds "7"]
[EventCountry "ENG"]

1. d4 d5 2. c4 e6 3. Nf3 Nf6 4. g3 Be7 5. Bg2 O-O 6. O-O dxc4 7. Ne5 c5 8. dxc5 Bxc5
9. Qxd8 Rxd8 10. Nc3 Be7 11. Nxc4 Nc6 12. Bf4 Nd5 13. Bd2 Nd4 14. e3 Nxc3 15. Bxc3
Ne2+ 16. Kh1 Nxc3 17. bxc3 Bd7 18. Rfd1 Bf6 19. Rac1 Ba4 20. Rxd8+ Rxd8 21. Bxb7
Rd7 22. Bf3 Bb5 23. Na3 Bd3 24. Nc2 Bxc3 25. Ne1 Bb4 26. Rc8+ Bf8 27. Bc6 Rd6 28.
Nxd3 Rxd3 29. a4 Rc3 30. Bd7 Rxc8  1/2-1/2

[Event "4th 4NCL Easter Congress"]
[Site "Holiday Inn Peterborough - West"]
[Date "2024.03.29"]
[Round "1"]
[Board "18"]
[White "McLean, Robert"]
[Black "Cheng, Louis"]
[Result "1/2-1/2"]
[WhiteElo "1967"]
[BlackElo "1826"]
[PlyCount "0"]
[EventDate "2024.03.29"]
[EventRounds "7"]
[EventCountry "ENG"]

1. e4 c5 2. Nf3 g6 3. d4 cxd4 4. Nxd4 Nc6 5. c4 Nf6 6. Nc3 Nxd4 7. Qxd4 d6 8. Be3
Bg7 9. Be2 O-O 10. Qd3 Be6 11. Rc1 Qa5 12. O-O Rfc8 13. b3 a6 14. Bd2 Qb6 15. Na4
Qc6 16. Bf3 Nd7 17. e5 Nxe5 18. Bxc6 Nxd3 19. Bxb7 Nxc1 20. Rxc1 Rab8 21. Bxc8 Rxc8
22. Be3 Rc6 23. Nb6 f5 24. Nd5 Bxd5 25. cxd5 Rxc1+ 26. Bxc1 Kf7 27. Kf1 e6 28. Ke2
exd5 29. Kd3 Ke6 30. Be3 Kd7 31. a4 Kc6 32. b4 Bf6 33. f4 Bg7 34. g3 Bf6 35. Bd4
Bd8 36. h4 Be7 37. Bg7 Bd8 38. Bd4  1/2-1/2

[Event "4th 4NCL Easter Congress"]
[Site "Holiday Inn Peterborough - West"]
[Date "2024.03.29"]
[Round "1"]
[Board "19"]
[White "Vadalia, Jainill"]
[Black "Turner, Lewis A"]
[Result "1-0"]
[WhiteElo "1836"]
[BlackElo "1927"]
[PlyCount "0"]
[EventDate "2024.03.29"]
[EventRounds "7"]
[EventCountry "ENG"]

1. d4 Nf6 2. c4 g6 3. Nc3 d5 4. Bg5 Ne4 5. Bh4 Nxc3 6. bxc3 Bg7 7. e3 O-O 8. h3 c5
9. Nf3 cxd4 10. cxd4 Nc6 11. Be2 dxc4 12. Bxc4 b5 13. Bd3 Qa5+ 14. Qd2 Qxd2+ 15.
Nxd2 Rb8 16. Rb1 b4 17. O-O Be6 18. Be4 Nxd4 19. exd4 Bxa2 20. Rb2 b3 21. Nf3 a5
22. Ne5 Rb4 23. Nc6 Bxd4 24. Nxb4 Bxb2 25. Nd3 Bd4 26. Nc1 a4 27. Bd5 e6 28. Be4
Rc8 29. Be7 f5 30. Bd3 e5 31. Ba3 e4 32. Bb5 Rb8 33. Bc4+ Kg7 34. Nxa2 bxa2 35. Bxa2
e3 36. fxe3 Bxe3+ 37. Kh1 Rb6 38. Re1 f4 39. Rb1 h5 40. Rxb6 Bxb6 41. Bd5 g5 42.
Bc6 g4 43. Bxa4 Be3 44. Be8 Kh6 45. h4 f3 46. gxf3 gxf3 47. Bf8+ Kh7 48. Bxh5 f2
49. Kg2 Bd4 50. Be7 Kg7 51. Bg5 Bf6 52. Kxf2  1-0

[Event "4th 4NCL Easter Congress"]
[Site "Holiday Inn Peterborough - West"]
[Date "2024.03.29"]
[Round "1"]
[Board "20"]
[White "Baer, Bruce L"]
[Black "Lukhi, Neev"]
[Result "1-0"]
[WhiteElo "1945"]
[BlackElo "1812"]
[PlyCount "0"]
[EventDate "2024.03.29"]
[EventRounds "7"]
[EventCountry "ENG"]

1. Nf3 e6 2. d3 d5 3. g3 Nf6 4. Bg2 Be7 5. Nbd2 c5 6. e4 Nc6 7. O-O O-O 8. e5 Nd7
9. Re1 Qc7 10. Qe2 b5 11. Nf1 Bb7 12. Bf4 Rac8 13. h4 Nd4 14. Nxd4 cxd4 15. Rec1
Rfe8 16. Nh2 Qd8 17. Nf3 Qb6 18. Bh3 Nf8 19. h5 a5 20. Kg2 b4 21. h6 g6 22. Bg5 Bxg5
23. Nxg5 Nd7 24. Qf3 Rf8 25. Qf4 a4 26. b3 Rce8 27. Re1 Qc7 28. Re2 Bc8 29. Qxd4
axb3 30. axb3 Bb7 31. f4 Ra8 32. Rxa8 Rxa8 33. Nxe6 fxe6 34. Bxe6+ Kf8 35. Bxd7 Qxd7
36. e6 Qd6 37. Qg7+ Ke8 38. Qf7+  1-0

[Event "4th 4NCL Easter Congress"]
[Site "Holiday Inn Peterborough - West"]
[Date "2024.03.29"]
[Round "1"]
[Board "21"]
[White "Railwani, Tavish"]
[Black "Varley, Joe"]
[Result "0-1"]
[WhiteElo "1783"]
[BlackElo "1926"]
[PlyCount "0"]
[EventDate "2024.03.29"]
[EventRounds "7"]
[EventCountry "ENG"]

1. e4 c5 2. Nf3 e6 3. d4 cxd4 4. Nxd4 Nf6 5. Nc3 Nc6 6. Be3 Bb4 7. Nxc6 bxc6 8. Bd3
d5 9. a3 Bxc3+ 10. bxc3 dxe4 11. Be2 Nd5 12. Bd4 O-O 13. O-O Qg5 14. Bc4 Nf4 15.
g3 e5 16. Be3 Bg4 17. Bxf4 exf4 18. Qd2 e3 19. fxe3 fxe3 20. Qd4 Rad8 21. Qf4 Qxf4
22. Rxf4 Bh5 23. Bd3 Rfe8 24. Re1 Rd5 25. Rd4 Bg6 26. Bxg6 fxg6 27. Rxd5 cxd5 28.
Kg2 Kf7 29. Kf3 Re4 30. Rxe3 Ra4 31. Ke2 Rxa3 32. Kd2 Ra1 33. Re5 Rh1 34. h4 Rg1
35. Rxd5 Rg2+ 36. Kc1 Rxg3 37. Rd7+ Kf6 38. Rxa7 Rxc3 39. Ra6+ Ke5 40. Ra7 Rh3 41.
Rxg7 Rxh4 42. Kd2 Kf6 43. Rb7 h5 44. Rb6+ Kg7 45. Kd3 Rf4 46. c4 h4 47. c5 h3 48.
c6 h2 49. Rb1 Rf6 50. Rh1 Rxc6 51. Rxh2 Re6 52. Re2 Rxe2 53. Kxe2 Kh6 54. Kf2 Kh5
55. Kf3 Kh4 56. Kf4 g5+ 57. Kf3 Kh3 58. Kf2 g4 59. Kg1 Kg3 60. Kf1 Kh2 61. Ke2 g3
62. Kd3 g2 63. Kd4 g1=Q+ 64. Ke4 Qf2 65. Ke5 Qf3 66. Kd4 Qe2 67. Kd5 Qe3 68. Kd6
Qe4 69. Kc5 Kg3 70. Kd6 Kf4 71. Kc5 Ke5 72. Kb6 Qc4 73. Ka5 Qb3 74. Ka6 Kd6 75. Ka5
Kc6 76. Ka6 Qb6#  0-1

[Event "4th 4NCL Easter Congress"]
[Site "Holiday Inn Peterborough - West"]
[Date "2024.03.30"]
[Round "2"]
[Board "1"]
[White "Hebden, Mark L"]
[Black "Prior, Stephen CV"]
[Result "1-0"]
[WhiteElo "2386"]
[BlackElo "2012"]
[PlyCount "0"]
[EventDate "2024.03.29"]
[EventRounds "7"]
[EventCountry "ENG"]

1. d4 Nf6 2. c4 e6 3. Nc3 Bb4 4. e3 O-O 5. Nge2 d5 6. a3 Be7 7. cxd5 exd5 8. Nf4
c6 9. Bd3 Nbd7 10. O-O Re8 11. b4 a6 12. Bd2 Nf8 13. Na4 Ne6 14. Nxe6 Bxe6 15. Nc5
Bc8 16. f3 Bf8 17. Qc2 h6 18. Rae1 b6 19. Nb3 Bb7 20. e4 Rc8 21. e5 Nd7 22. Bf5 c5
23. bxc5 bxc5 24. Ba5 cxd4 25. Bxd8 Rxc2 26. Ba5 Rec8 27. Bxd7 R8c4 28. e6 fxe6 29.
Bxe6+ Kh8 30. Bf5 Rb2 31. Re8 g6 32. Nxd4 gxf5 33. Rxf8+ Kg7 34. Rb8 Kf7 35. Nxf5
Ke6 36. Nd4+ Ke5 37. Rd1 Rc8 38. Rxc8 Bxc8 39. Bc7+ Kf6 40. Re1 Rd2 41. Re8 Rxd4
42. Be5+ Kf7 43. Rxc8 Rd1+ 44. Kf2 Rd2+ 45. Kg3 Ke6 46. Kf4 Rxg2 47. Rc6+ Ke7 48.
Rxh6 a5  1-0